[Event "Capablanca Memorial Elite 32nd"]
[Site "Cienfuegos"]
[Date "1997.05.15"]
[Round "8"]
[White "Arencibia Rodriguez, Walter"]
[Black "Schlosser, Philipp"]
[Result "1-0"]
[WhiteElo "2560"]
[BlackElo "2560"]
[Annotator "Tisdall,J"]
[PlyCount "44"]
[EventDate "1997.05.05"]
[EventType "tourn"]
[EventRounds "11"]
[EventCountry "CUB"]
[EventCategory "12"]
[SourceTitle "CBM 059"]
[Source "ChessBase"]
[SourceDate "1997.08.01"]
[SourceVersion "1"]
[SourceVersionDate "1997.08.01"]
[SourceQuality "1"]

1. d4 Nf6 2. Nf3 e6 3. c4 b6 4. a3 Bb7 5. Nc3 d5 6. Qc2 dxc4 7. Bg5 $6 (7. e4
$5 {seems like the correct way to handle this position:} c5 8. d5 exd5 9. exd5
Bd6 10. Bxc4 O-O 11. O-O h6 12. Re1 a6 13. a4 Nbd7 14. b3 Qc7 15. h3 Ne5 16.
Nh4 $13 {Lautier,J-Karpov,A/Groningen/1995/0,5/38/}) 7... Bxf3 {This may be
fine, but there is already substantial evidence that} (7... a6 $5 {poses white
real problems:} 8. e4 b5 9. d5 $146 (9. e5 h6 10. Bh4 g5 11. Bg3 $6 (11. Nxg5
hxg5 12. Bxg5 Be7 13. exf6 Bxf6 14. Bxf6 Qxf6 15. Rd1 Nc6 16. Ne4 Qg7 17. Qc3
O-O-O $36 {Nestorovic,D-Timoshenko,G/Belgrade/1995/0|1/46/}) 11... Nd5 12. Ne4
Nd7 13. h4 g4 14. Nfd2 c5 15. dxc5 Nxc5 $17 {0-1 Ehlvest,J-Hansen,C/Erevan olm
1996 (30)}) 9... Be7 10. O-O-O (10. dxe6 fxe6 11. Rd1 Nfd7 $17) 10... exd5 11.
Bxf6 Bxf6 12. Nxd5 O-O 13. Nb6 cxb6 (13... Bg5+ $5 14. Kb1 Qe7 15. Nd5 Bxd5 16.
Rxd5 $132) 14. Rxd8 Rxd8 15. Be2 Nd7 16. e5 Nc5 $1 17. Qc3 (17. exf6 Be4 $19)
17... Be4 18. b4 (18. Nd2 Bg5) (18. Bd1 Nd3+) 18... cxb3 {0-1 Bacrot,E-Rausis,
I/Enghien 1997} (18... cxb3 19. exf6 Na4 20. Z0 Rac8 {Tisdall})) 8. gxf3 c6 9.
O-O-O b5 10. e4 Be7 11. Rg1 Nbd7 (11... O-O 12. d5 $132) 12. Bh3 Kf8 $5 (12...
Qc7 13. e5 Nh5 14. Bxe7 Kxe7 15. Qd2 $40 {/\ Ne4, Bg4, Qg5. White has
dangerous compensation thanks to his knight outposts on the weakened dark
squares and black's misplaced knight on h5. Black's choice keeps an eye on the
g7 square, but his odd lack of development should allow white to drum up
counterplay.}) 13. Be3 {Now was white's last chance for the thematic line
opening with} (13. d5 $5 {This leads to messy complications, but it seems to
me that white gets very reasonable play, for a smaller investment than in the
game. Since the move increases the scope of action of nearly all of his pieces,
it seems strange to me that white did not try it.} Nxd5 $1 (13... exd5 14. exd5
Nc5 15. dxc6 Nd3+ 16. Kb1 Qb6 17. Bxf6 (17. Bf5 $5) 17... Bxf6 18. Nd5 $16 {/\}
Qxc6 $2 19. Rxd3) (13... cxd5 14. exd5 Nxd5 15. Bxe7+ (15. Nxd5 $2 Bxg5+ 16. f4
exd5 (16... Bh6) 17. Rxd5 Bxf4+ 18. Kb1 Qf6 $17) 15... Nxe7 (15... Qxe7 16.
Nxd5 exd5 17. Rxd5 Nc5 (17... Nf6 $5) 18. Qc3 $36) 16. Qd2 $40) 14. Bxe7+ Nxe7
15. Qd2 Ke8 16. Rxg7 Ne5 17. Qf4 Qc7 18. Qf6 Rf8 19. Bf1 $5 $13) 13... Nb6 14.
f4 a5 {Now white's "kingside" is collapsing so he must act violently.
Arencibia manages this inventively.} 15. d5 exd5 16. e5 Nfd7 17. Qe2 b4 {[#]}
18. Rxg7 $1 {A good try.} Kxg7 19. Rg1+ Kf8 20. Qh5 {/\ e6.} h6 21. e6 fxe6 $4
(21... Rh7 22. Bf5 Nf6 23. Bxh7 fxe6 24. Qg6 $1 $18 {/\ Bg8, f5.}) (21... Qe8
$1 {After this black seems to survive:} 22. f5 (22. exd7 Nxd7 23. f5 (23. Qg4
Bf6) 23... Qb8 $5) 22... Bf6 23. exd7 Nxd7 (23... Qe5 $5 {looks insufficient
for white.}) 24. Bxh6+ Ke7 25. Re1+ Ne5 26. f4 bxc3 27. fxe5 Kd7 $19) 22. Bxe6
$18 Qe8 (22... Qe8 23. Qxh6+ Rxh6 24. Rg8#) 1-0

[Event "Ter Apel"]
[Site "Ter Apel"]
[Date "1997.03.19"]
[Round "3"]
[White "Khalifman, Alexander"]
[Black "Huebner, Robert"]
[Result "1-0"]
[WhiteElo "2650"]
[BlackElo "2600"]
[Annotator "Tisdall,J"]
[PlyCount "79"]
[EventDate "1997.03.17"]
[EventType "tourn"]
[EventRounds "5"]
[EventCountry "NED"]
[EventCategory "16"]
[SourceTitle "CBM 058"]
[Source "ChessBase"]
[SourceDate "1997.06.01"]
[SourceVersion "1"]
[SourceVersionDate "1997.06.01"]
[SourceQuality "1"]

1. d4 Nf6 2. c4 e6 3. Nf3 b6 4. a3 Bb7 5. Nc3 d5 6. cxd5 (6. Bg5 Be7 7. Qa4+ c6
8. Bxf6 Bxf6 9. cxd5 exd5 10. g3 O-O 11. Bg2 Re8 12. O-O Na6 13. b4 Nc7 14.
Rfc1 h5 $5 15. h4 g6 16. e3 Re7 $13 {1-0 Bacrot,E-Agdestein,S/Internet Rapid,
Oslo NOR 1997 (42)}) 6... exd5 7. Qa4+ c6 8. Bg5 Be7 9. e3 O-O 10. Bd3 Ne4 (
10... Nbd7 11. O-O Re8 12. Rad1 h6 13. Bf4 Bf8 14. Rfe1 Nh5 $132) 11. Bf4 (11.
Bxe4 Bxg5 12. Nxg5 Qxg5 13. Bf3 Na6 14. O-O Nc7 {N} (14... Rfd8 15. Rfe1 Nc7
16. b4 Ne6 17. Rad1 Qf6 18. Bg4 Ng5 $132 {Ftacnik-Short/Naestved/1985 (28)})
15. Rac1 Rfd8 16. g3 Ne6 17. Bg2 Qe7 18. Rfd1 $14 {0-1 Bareev,E-Huebner,R/
Munich 1993 (45)}) 11... Nxc3 (11... f5 12. Ne5 b5 13. Qb3 Kh8 14. f3 Nxc3 15.
Qxc3 Qc8 16. Rc1 a5 17. Qc2 b4 18. g4 $18 {1-0 Greenfeld,A-Gruenfeld,Y/Haifa
1995 (41)}) 12. bxc3 Nd7 13. O-O c5 $1 $146 (13... Re8 14. c4 $1 dxc4 15. Bxc4
Rf8 (15... b5 16. Qb3) 16. Qc2 $14 Rc8 17. a4 a6 18. Rfd1 b5 19. Bd3 g6 20. Ne5
Nxe5 21. dxe5 Qb6 22. Bh6 $16 {1-0 Greenfeld,A-Hatanbaatar,B/Pardubice op 1995
(38)}) 14. Ne5 $5 {A very interesting idea - white creates an active pawn
majority on the kingside at the cost of a rather ugly pawn structure. I find
it hard to believe that these are more than purely practical chances.} Nxe5 15.
dxe5 Bg5 (15... f5 $5 16. Bg3 (16. exf6 $2 Bxf6 17. Rad1 (17. Qc2 g6 18. Rad1
Qe7 $15) 17... Qe8 $15) (16. c4 $5 g5 (16... d4 $5 17. Qc2 (17. Bg3 dxe3 18.
Rad1 exf2+ 19. Rxf2 Qc8 $17) 17... g5 18. exd4 gxf4 19. d5 Qe8 $1 $17) 17. Bg3
(17. cxd5 gxf4 18. d6 Bxd6 (18... f3 $5) 19. exd6 Qxd6 $17) 17... f4 (17... d4
18. f4 dxe3 19. Rad1 $44) 18. exf4 gxf4 19. cxd5 fxg3 20. Qg4+ Bg5 $8 (20...
Kh8 21. Qh5) 21. hxg3 (21. f4 Qxd5 $1 22. Qxg5+ Kh8 23. Qxg3 Rg8 $19) (21. h4
gxf2+ (21... Qxd5 $4 22. Bc4) 22. Rxf2 Rxf2 23. Kxf2 Bxd5 $15) (21. Qxg3 Kh8 (
21... Rf4 $5)) 21... Kh8 $5 (21... Bxd5 22. f4 $13) 22. Qh5 Qd7 23. f4 (23.
Qxg5 $4 Qxd5) 23... Bd8 24. Rad1 $44) 16... a6 $5 (16... Qe8 17. Qxe8 Raxe8 18.
Bb5 (18. a4 $5) 18... Rd8 19. e6 d4 (19... Rf6 20. Bd7 Rg6 21. Rfd1 $14 {+/-})
20. cxd4 cxd4 21. Rac1 $36) 17. c4 d4 (17... b5 $5 18. cxb5 axb5 19. Qxb5 Ba6
20. Qb1 Bxd3 21. Qxd3 c4 $44) 18. Rad1 $13) 16. Bg3 g6 17. h4 Bh6 18. h5 $36
Qe7 19. hxg6 hxg6 20. Qg4 Bc8 21. Qe2 Be6 22. f4 f5 $1 $13 (22... Rad8 $5) 23.
a4 Rf7 24. Kf2 Bf8 25. Rh1 Rh7 26. Qd2 {[%csl Rd5][%cal Rd3e2,Re2f3]} Rb8 $6 (
26... Rd8 $5 27. Rxh7 (27. Be2 d4 $5 28. exd4 (28. Rxh7 Qxh7 (28... dxe3+ $15)
29. exd4 cxd4 30. Kg1 d3 (30... Qc7) 31. Bxd3 Bc5+ 32. Bf2 Bxf2+ 33. Kxf2 Qh4+
34. Kg1 Qg3 35. Rd1 Kg7 $17) 28... cxd4 29. cxd4 Rxh1 30. Rxh1 Qa3 $1 $40)
27... Qxh7 28. a5 d4 29. exd4 cxd4 30. c4 Bc5 $15 {The weakness of c4 and the
slightly more exposed white king seem to me to give black a small advantage.})
27. Be2 Rb7 28. Bb5 $5 (28. Rxh7 Qxh7 29. Bb5 $5) 28... Rc7 $6 (28... Qd8 $5 {
would hinder a5 and coordinate the black rooks and make sense of the recent
manoeuvres of the R on b7.}) 29. Rxh7 Qxh7 30. a5 $14 c4 (30... bxa5 31. Rxa5 {
/\ Ra6 ->}) 31. axb6 axb6 32. Ra6 Bc5 33. Ra8+ Kg7 34. Kg1 $1 {/\ Bf2,
Ba4-d1-f3} Qh5 35. Ba4 $1 g5 $6 (35... Rf7 $5) 36. Bf2 Kg6 $4 37. Be8+ Bf7 38.
Qxd5 Bxe8 39. Rxe8 Qe2 40. Qg8+ 1-0

[Event "Hastings 9899"]
[Site "Hastings"]
[Date "1998.12.29"]
[Round "1"]
[White "Sokolov, Ivan"]
[Black "Emms, John M"]
[Result "1-0"]
[WhiteElo "2620"]
[BlackElo "2585"]
[Annotator "Tisdall,J"]
[PlyCount "59"]
[EventDate "1998.12.29"]
[EventType "tourn"]
[EventRounds "9"]
[EventCountry "ENG"]
[EventCategory "13"]
[SourceTitle "CBM 069"]
[Source "ChessBase"]
[SourceDate "1999.04.01"]
[SourceVersion "1"]
[SourceVersionDate "1999.04.01"]
[SourceQuality "1"]

1. d4 {Ftacnik} Nf6 2. c4 e6 3. Nf3 b6 4. Nc3 Bb4 5. Qb3 c5 6. Bg5 Bb7 (6...
Nc6 {does not have a good track record, though it is fully playable:} 7. d5 Na5
8. Qc2 h6 9. Bh4 d6 (9... exd5 10. cxd5 O-O 11. e3 d6 12. Be2 Bxc3+ 13. bxc3
Qe7 $13 {1-0 Sokolov,I-Granda Zuniga,J/Hoogovens, Wijk aan Zee 1997 (48)}) 10.
e4 e5 11. Nd2 Bd7 12. Ndb1 g5 13. Bg3 Nh5 14. a3 Bxc3+ 15. Nxc3 Qf6 16. O-O-O
O-O-O 17. f3 Qg6 18. Bf2 Kb8 19. g3 f5 20. b4 Nb7 21. Bd3 $13 {1-0 Van Wely,
L-Tiviakov,S/Koop Tjuchem Invitational, Groningen NE 1994 (50)}) 7. Rd1 $5 {
Apparently a new move, though there are a few earlier games that transpose
later. Aggression has tended to pay off best for white in this variation.} (7.
O-O-O Nc6 8. d5 Na5 9. Qc2 Bxc3 10. Qxc3 O-O 11. Bxf6 Qxf6 12. Qxf6 gxf6 13. e4
Rfd8 14. h4 Kf8 15. Rh3 d6 16. Rg3 Ba6 17. b3 Rab8 18. h5 b5 19. cxb5 Bxb5 20.
Bxb5 Rxb5 21. h6 Ke7 22. Rg7 Rh8 23. e5 $1 {1-0 Speelman,J-Adams,M/Roquebrune
1992/CBM 28 (44)}) (7. e3 O-O (7... Bxf3 $6 8. gxf3 Nc6 9. d5 exd5 10. cxd5 Ne5
11. f4 $5 Nf3+ 12. Ke2 Nxg5 13. fxg5 Bxc3 14. Qxc3 Nh5 15. Qe5+ Qe7 16. Qxe7+
Kxe7 17. Bg2 Kd6 18. Bf3 $16 {1-0 Van Wely,L-Miles,A/Rapid London ENG 1995 (55)
}) 8. Be2 Nc6 9. dxc5 bxc5 10. Nd2 h6 11. Bh4 d5 12. a3 Bxc3 13. bxc3 Na5 14.
Qc2 Nxc4 15. Nxc4 dxc4 16. f3 Qa5 17. Bxf6 gxf6 18. Bxc4 Ba6 19. Bxe6 fxe6 20.
Qg6+ Kh8 {1/2-1/2 Barsov,A-Greenfeld,A/Wijk aan Zee 1997/CBM 60 ext (20)}) 7...
O-O 8. e3 cxd4 9. exd4 Bxf3 10. gxf3 Be7 (10... Nc6 11. Be2 Be7 12. Rg1 Qc7 13.
Rg2 Nh5 14. Nb5 Qb8 15. d5 exd5 16. cxd5 Na5 17. Qe3 Bb4+ 18. Kf1 f6 19. Bh6
Bc5 20. Qe4 Re8 21. Qg4 Qe5 22. Bd3 Re7 23. f4 Qxb2 24. Qxh5 Kh8 25. d6 g6 26.
Qd5 Ree8 27. Nc7 Bb4 28. Qf7 {1-0 Slipak,S-Zarnicki,P/Villa Gesell 1996/CBM 52
(28)}) 11. Rg1 Re8 12. Be2 d6 (12... d5 $2 13. Bxf6 Bxf6 14. cxd5 exd5 15. Qxd5
) (12... Nc6) 13. f4 $1 {[%mdl 8] The real novelty of the game. White does not
fear the tension on the e-file, and finds a straightforward way to develop his
attack. The hesitant} (13. Kf1 Nbd7 14. Be3 $6 Nf8 $1 15. f4 Ng6 16. d5 Qc8 17.
Rg3 Nh4 18. Kg1 Nf5 {led to a solid position for black, 0-1 Jakobsen,O-Hansen,
C/Torshavn 1997/CBM 56 ext (38)}) 13... Nbd7 14. Qc2 d5 $6 {Perhaps the
opening of the e-line seduced black into seeking counterplay this way, but the
impending wood clearing will only aid white, even if some small sacrifices
have to be made. Ftacnik: 'Black is playing with great strategical risk. If
the pawn chain along white squares will fall white bishops will get phenomenal
prospects. '} (14... Rc8 $5 {intending to meet} 15. f5 {with the compact} e5 {
is probably better, but black's position is rather passive.}) (14... Nf8 {
Ftacnik} 15. f5 Kh8 16. fxe6 fxe6 $14) 15. f5 exf5 16. Qxf5 dxc4 17. Bxc4 g6 $6
(17... Qc7 {at once looks a bit better, though not much less dangerous.} 18.
Bb3 Qxh2 19. Kf1 {Now trying to exploit this move order with} g6 20. Qf3 Qh5
21. Qg2 {[%csl Rh5] only leaves black's queen horribly misplaced.}) (17... Nf8
$5 {looks to me to be a more desirable method of defending the kingside, but
if white can arrange to ram the h-pawn forward, black's knights will make a
rather ineffective shield as well. Still, it seems to offer more defensive
ideas: ...Qc8 for a start, and Qd7/d6 are also options, sometime in connection
with ...Ne6.}) 18. Qf3 Qc7 19. Bb3 Qxh2 {It's nice to have something to suffer
for, but the h-file open is at least as dangerous as the h-pawn as a battering
ram (h4-h5). Whie's king is very happy on f1, and all of his pieces can seek
full activity. Having committed himself to ...g6, it seems a bit inconsistent
to open the h-file; Black's structure is now suited to defending g-line
pressures. By letting white switch the focus of attack, ...g6 loses much of
its point. More logical is} (19... Bf8+ 20. Kf1 Bg7 {but the terrible pressure
against f7 and white's active pieces make it unlikely to be a viable defence:}
21. Nb5 $5 {is terribly awkward, simply trying to set up a fork on c7.}) 20.
Rh1 Qc7 21. Kf1 {White's main idea is to play Re1 and knock out the support
for the Nf6. In the meantime, black's forces are paralyzed with the need to
watch f7. A good indication of the difficulties of his position is that after}
Qd8 {Ftacnik: 'Emms has won a pawn, but the open diagonals and files make the
defense of his own king very difficult. '} (21... Rf8 {even} 22. Bxf7+ $1 {
is possible!}) (21... Rac8 {Ftacnik} 22. Re1 Qd6 23. Nb5 Qc6 24. Bxf7+ $1 Kxf7
25. Rxh7+ Kf8 26. Qxc6 Rxc6 27. Bh6+ $18) 22. Re1 $1 {[%csl Rf7][%cal Yf3f7,
Yg5d8,Yb3f7,Ye1e8]} Rf8 23. Ba4 $1 {Even stronger than the sufficient} (23.
Rxe7 Qxe7 24. Nd5 Nxd5 (24... Qe4 25. Bxf6 $1) 25. Bxe7 Nxe7 26. Qb7 $18 {
-a clear sign that black's position is already resignable.}) 23... b5 {Ftacnik:
'The pressure became to be unbearable, black is unable to prevent the loss of
material. '} 24. Bxb5 Rb8 25. Bxd7 Qxd7 26. Rxe7 $1 (26. Bxf6 Bxf6 27. Qxf6
Rxb2 {gives a minimum of technical difficulties, but again White's choice is
even more ruthless. He can always cash in, but insists on doing so without
surrendering an atom of his initiative.}) 26... Qxe7 27. Bxf6 {White prefers
to be a bit less material up in return for constant mating threats. Black must
guard against sacrifices on h7.} Qe6 28. d5 Qa6+ 29. Kg2 Rb6 30. Ne4 (30. Ne4
Qc8 31. Bd4 f5 32. Rxh7 $1 Kxh7 33. Ng5+ Kg8 (33... Kh6 34. Qh3+ Kxg5 35. f4+
Kxf4 36. Qh4#) 34. Qh3 Rff6 35. Qh7+ Kf8 36. Qh8+) 1-0